=LDR 00000nam 2200000 4500 =001 INLIS000000000048343 =005 20161024114402.0 =006 =007 =008 =020 ##$$a 978-979-29-4318-4 =035 ##$$0010-101600000000101 =082 ##$$2 22 $a 611.31 =090 ##$$a 611.31 $b Aga m =100 ##$$a Agam Ferry Erwana =245 ##$$a Mitos & fakta : tumbuh kembang gigi anak segala hal yang anda perlu tahu tentang mitos & fakta penting tentang gigi $c Agam Ferry Erwana ; editor : Aldo Sahala =260 ##$$a Yogyakarta $b Rapha Publishing $c 2014 =300 ##$$a viii, 72 hlm. $b ilus $c 19 cm =500 ##$$a Bibliografi : Biografi : hlm. 71-72 =650 ##$$a Gigi =700 ##$$a Aldo Sahala